Comparación entre el índice MERCO de reputación corporativa e indicadores de popularidad web (Registro nro. 22884)
[ vista simple ]
| 000 -LEADER | |
|---|---|
| fixed length control field | 00444 a2200133 4500 |
| 001 - CONTROL NUMBER | |
| control field | ART_46583 |
| 005 - DATE AND TIME OF LATEST TRANSACTION | |
| control field | 20260410161827.0 |
| 008 - FIXED-LENGTH DATA ELEMENTS--GENERAL INFORMATION | |
| fixed length control field | 260409a |
| 100 1# - MAIN ENTRY--PERSONAL NAME | |
| Personal name | Zanfrillo, Alicia I. |
| 245 10 - TITLE STATEMENT | |
| Title | Comparación entre el índice MERCO de reputación corporativa e indicadores de popularidad web |
| 700 1# - ADDED ENTRY--PERSONAL NAME | |
| Personal name | Artola, María A. |
| 700 1# - ADDED ENTRY--PERSONAL NAME | |
| Personal name | Morettini, Mariano |
| 773 0# - HOST ITEM ENTRY | |
| Title | FACES |
| Related parts | - Año 22, Nº 47 (jul./dic. 2016) |
| Record control number | REV5046 |
No hay ítems disponibles.